| 000 | 00812nam a22001577a 4500 | ||
|---|---|---|---|
| 003 | OSt | ||
| 005 | 20150919100348.0 | ||
| 008 | 150919b xxu||||| |||| 00| 0 eng d | ||
| 040 | _cRUA | ||
| 082 | _aAGR KET 2006 B034 Or.1 | ||
| 100 |
_9829 _aKET, VUTHY. |
||
| 245 | _aEffect of KNO3 dosage in solution on lettuce growing at royal university of agriculture ឥទ្ធិពលនៃកំហាប់ប៉ូតាស្យូមនីត្រាតក្នុងសូលុយស្យុង ទៅលើការលូតលាស់ដំណាំសាលាដ នៅស្ថានីយ៏ពិសោធន៏ដំណាំ នៃសាកលវិទ្យាល័យភូមិន្ធកសិកម្ម | ||
| 260 |
_aPhnom Penh _bRUA _c2006 |
||
| 300 |
_a47p. _bill. _c29cm. |
||
| 942 |
_2ddc _cAGR |
||
| 999 |
_c800 _d800 |
||